|
|
|
|
| LEADER |
00000nab a2200000 a 4500 |
| 001 |
vtls009626163 |
| 003 |
SK-MaSNL |
| 005 |
20260303060529.0 |
| 008 |
140512c20090605xo dr|n|||||||000 b|slo |
| 015 |
|
|
|a SNBRB2009/07
|2 snkbucl
|
| 040 |
|
|
|a SNKBUCL
|b slo
|c SNKBUCL
|e AACR2
|
| 041 |
0 |
|
|a slo
|
| 044 |
|
|
|a xo
|c SK
|
| 080 |
|
|
|a 77.04-051
|2 2001
|
| 080 |
|
|
|a 523.31:77.04
|2 2001
|
| 080 |
|
|
|a 791.229.2
|x (44)
|2 2001
|
| 100 |
1 |
|
|a Prokopčák, Tomáš
|4 aut
|9 1033992
|
| 245 |
1 |
0 |
|a Dvojhodinové rande s planétou
|b francúzsky filmár a fotograf pripravil pozoruhodný darček ...
|c Tomáš Prokopčák
|
| 300 |
|
|
|b Fotogr.
|
| 600 |
1 |
7 |
|a Arthus-Bertrand, Yann,
|d 1946-
|x filmová tvorba
|2 snkbucl
|9 1053490
|
| 630 |
0 |
7 |
|a Domov (film)
|2 snkbucl
|9 1053491
|
| 650 |
0 |
7 |
|a francúzski fotografi
|2 snkbucl
|9 1053492
|
| 655 |
|
7 |
|a analýzy
|2 snkbucl
|9 22242
|
| 773 |
0 |
|
|t Sme
|g Roč. 17, č. 128 (5.6.2009)
|x 1335-440X
|
| 773 |
0 |
8 |
|t Kultúra
|g S. [17]
|
| 852 |
|
|
|a SNK
|b KIS3GCP
|
| 958 |
|
|
|a FR
|
| 999 |
|
|
|c 1731787
|d 1733717
|